<?xml version="1.0" encoding="UTF-8"?><?xml-stylesheet type="text/xsl" href="static/style.xsl"?><OAI-PMH xmlns="http://www.openarchives.org/OAI/2.0/" xmlns:xsi="http://www.w3.org/2001/XMLSchema-instance" xsi:schemaLocation="http://www.openarchives.org/OAI/2.0/ http://www.openarchives.org/OAI/2.0/OAI-PMH.xsd"><responseDate>2026-04-17T01:46:24Z</responseDate><request verb="GetRecord" identifier="oai:www.recercat.cat:10459.1/466404" metadataPrefix="marc">https://recercat.cat/oai/request</request><GetRecord><record><header><identifier>oai:recercat.cat:10459.1/466404</identifier><datestamp>2025-09-15T18:03:56Z</datestamp><setSpec>com_2072_3622</setSpec><setSpec>col_2072_479130</setSpec></header><metadata><record xmlns="http://www.loc.gov/MARC21/slim" xmlns:dcterms="http://purl.org/dc/terms/" xmlns:xsi="http://www.w3.org/2001/XMLSchema-instance" xmlns:doc="http://www.lyncode.com/xoai" xsi:schemaLocation="http://www.loc.gov/MARC21/slim http://www.loc.gov/standards/marcxml/schema/MARC21slim.xsd">
   <leader>00925njm 22002777a 4500</leader>
   <datafield ind2=" " ind1=" " tag="042">
      <subfield code="a">dc</subfield>
   </datafield>
   <datafield ind2=" " ind1=" " tag="720">
      <subfield code="a">Costa Menen, Maria Àngels</subfield>
      <subfield code="e">author</subfield>
   </datafield>
   <datafield ind2=" " ind1=" " tag="720">
      <subfield code="a">Gimeno Pi, Iraida</subfield>
      <subfield code="e">author</subfield>
   </datafield>
   <datafield ind2=" " ind1=" " tag="720">
      <subfield code="a">Martin-Servet, Gemma</subfield>
      <subfield code="e">author</subfield>
   </datafield>
   <datafield ind2=" " ind1=" " tag="720">
      <subfield code="a">García-Martínez, Ester</subfield>
      <subfield code="e">author</subfield>
   </datafield>
   <datafield ind2=" " ind1=" " tag="720">
      <subfield code="a">Porté-Llotge, Mercè</subfield>
      <subfield code="e">author</subfield>
   </datafield>
   <datafield ind2=" " ind1=" " tag="720">
      <subfield code="a">Blanco Blanco, Joan</subfield>
      <subfield code="e">author</subfield>
   </datafield>
   <datafield ind2=" " ind1=" " tag="260">
      <subfield code="c">2024-08-29</subfield>
   </datafield>
   <datafield ind2=" " ind1=" " tag="520">
      <subfield code="a">Background: Physical activity is recognized as beneficial for older individuals in preventing falls. Achieving high adherence to exercise programs among the elderly poses challenges for administrations and healthcare systems. This study explored the facilitators and barriers perceived by both the participants and nurse trainers involved in an exercise program aimed at preventing falls in primary healthcare. Methods: Sixteen semi-structured interviews with elderly people who had participated in the Otago Exercise Program and a focus group of nurse trainers of this program were conducted between October 2018 and September 2019 in primary health care centers in Lleida, Spain. Interviews were transcribed and analyzed using inductive thematic analysis with Atlas.ti 8 software. Results: Analysis revealed five overarching categories and 17 subcategories. Key facilitators included personal motivation, the perceived benefits of exercise, and the supportive role of nurse trainers. Primary barriers encompassed factors such as the excessive duration of the program, not considering personal preferences for individual or group participation, and differences in physical condition among group participants. Conclusions: To increase participation and adherence to exercise programs, it is necessary to consider the important role of the nursing professionals that recommend program enrolment and the participants' personal motivations. The program with group sessions is a model that is easy to integrate into Primary Healthcare centers, which must always take into account the preferences and physical conditions of the participants.</subfield>
   </datafield>
   <datafield tag="653" ind2=" " ind1=" ">
      <subfield code="a">Accidental falls</subfield>
   </datafield>
   <datafield tag="653" ind2=" " ind1=" ">
      <subfield code="a">Exercise</subfield>
   </datafield>
   <datafield tag="653" ind2=" " ind1=" ">
      <subfield code="a">Nursing</subfield>
   </datafield>
   <datafield tag="653" ind2=" " ind1=" ">
      <subfield code="a">Older adults</subfield>
   </datafield>
   <datafield tag="653" ind2=" " ind1=" ">
      <subfield code="a">Otago Exercise Program</subfield>
   </datafield>
   <datafield tag="653" ind2=" " ind1=" ">
      <subfield code="a">Primary health care</subfield>
   </datafield>
   <datafield tag="653" ind2=" " ind1=" ">
      <subfield code="a">Qualitative research</subfield>
   </datafield>
   <datafield ind2="0" ind1="0" tag="245">
      <subfield code="a">Facilitators and barriers in the implementation of a fall prevention program based on physical activity for elderly people living in the community: A qualitative study</subfield>
   </datafield>
</record></metadata></record></GetRecord></OAI-PMH>